000 00289nam a22001337a 4500
008 170421b xxu||||| |||| 00| 0 eng d
020 _a03062000082
041 _aeng
080 _a573
100 _a11
101 _aSHM
245 _aBIOLOGICAL CONTROL
_cHUFFAKER, C.B
942 _2udc
_cBK
999 _c11392
_d11392